000
00224nam a22001097a 4500
082
_a
001
_b
KOH/F
245
_a
FLOWERS
_b
THINGS U WANT 2 KNOW
260
_a
DELHI
_b
ROHAN BOOK
300
_a
24
650
_a
GK
_z
DELHI
942
_c
BK
999
_c
6354
_d
6354